The law relating to benefit building societies (Record no. 113943)

MARC details
000 -LEADER
fixed length control field 00749cam a22001935a 4500
001 - CONTROL NUMBER
control field L155956
008 - FIXED-LENGTH DATA ELEMENTS--GENERAL INFORMATION
fixed length control field 120423s1865 xxk f 000 0 eng d
035 ## - SYSTEM CONTROL NUMBER
System control number (Sirsi) u155956
041 0# - LANGUAGE CODE
Language code of text/sound track or separate title eng
100 1# - MAIN ENTRY--PERSONAL NAME
Personal name Pratt, William Tidd
Dates associated with a name 1823-1867
245 04 - TITLE STATEMENT
Title The law relating to benefit building societies
Remainder of title (6 & 7 Will. IV. c32) with practical observations on the act and all the cases decided thereon: together with a form of rules for a permanent benefit building society and forms of mortgages to the trustees
250 ## - EDITION STATEMENT
Edition statement 2nd ed.
260 ## - PUBLICATION, DISTRIBUTION, ETC.
Place of publication, distribution, etc. London
Name of publisher, distributor, etc. Longman
Date of publication, distribution, etc. 1865
300 ## - PHYSICAL DESCRIPTION
Extent xii, 110 p.
Dimensions 8o
583 ## - ACTION NOTE
Action Condition reviewed
Time/date of action 20120620
Status condition level 3
651 #4 - SUBJECT ADDED ENTRY--GEOGRAPHIC NAME
Geographic name Great Britain
Chronological subdivision 1707-
690 ## - LOCAL SUBJECT ADDED ENTRY--TOPICAL TERM (OCLC, RLIN)
Topical term or geographic name as entry element Finance and taxation
942 ## - ADDED ENTRY ELEMENTS (KOHA)
Suppress in OPAC 0
Holdings
Withdrawn status Lost status Source of classification or shelving scheme Damaged status Not for loan Home library Current library Shelving location Date acquired Total Checkouts Full call number Barcode Date last seen Copy number Price effective from Koha item type
    Dewey Decimal Classification     Historic collection Historic collection Historic collection 23/04/2012   OCTAVO 1865 PRATT 30077869 06/08/2019 1 06/08/2019 Book